Saga dua

Bibliographic Details
Main Author: Abdul Talib Hassan
Format: Book
Published: Kuala Lumpur : Creative Enterprise , 1993, 1999
Subjects:

MARC

LEADER 00000cam a2200000 7i4500
001 0000003603
002 000003877
005 20010309.0
020 |a 9838930652 
090 0 0 |a F   |b ABD 
100 0 |a Abdul Talib Hassan 
245 1 0 |a Saga dua   |c Abdul Talib Hassan 
260 |a Kuala Lumpur :   |b Creative Enterprise ,   |c 1993, 1999 
300 |a 440p. ;   |c 18cm. 
650 0 0 |a Malay fiction 
999 |a 031863   |b BUKU   |c FICTION   |e PERPUSTAKAAN KOMUNITI PETALING JAYA 
999 |a 031864   |b BUKU   |c FICTION   |e PERPUSTAKAAN KOMUNITI PETALING JAYA 
999 |a 031865   |b BUKU   |c FICTION   |e PERPUSTAKAAN KOMUNITI PETALING JAYA 
999 |a 044569   |b BUKU   |c PINJAMAN   |e PERPUSTAKAAN KOMUNITI CAW KOTA DAMANSARA 
999 |a 098818   |b BUKU   |c FICTION   |e PERPUSTAKAAN KOMUNITI PETALING JAYA 
999 |a 098819   |b BUKU   |c FICTION   |e PERPUSTAKAAN KOMUNITI PETALING JAYA 
999 |a 098820   |b BUKU   |c FICTION   |e PERPUSTAKAAN KOMUNITI PETALING JAYA 
999 |a 134932   |b BUKU   |c FICTION   |e PERPUSTAKAAN KOMUNITI PETALING JAYA